Faktory ovplyvňujúce produkty hypotekárneho bankovníctva bakalárska práca

Salvato in:
Dettagli Bibliografici
Autore principale: Barancová, Lenka
Ente Autore: Národohospodárska fakulta EU. Katedra bankovníctva a medzinárodných financií
Altri autori: Ďurech, Richard
Natura: Libro
Lingua:slovacco
Pubblicazione: Bratislava 2013
Tags: Aggiungi Tag
Nessun Tag, puoi essere il primo ad aggiungerne!!

MARC

LEADER 00000nbm a2200000 4500
001 0172458
005 20161109112053.6
041 0 |a slo 
044 |a SK 
245 1 0 |a Faktory ovplyvňujúce produkty hypotekárneho bankovníctva  |b bakalárska práca  |c Lenka Barancová ; školiteľ: Richard Ďurech 
264 1 |a Bratislava  |c 2013 
300 |a 38 s. 
100 1 |a Barancová, Lenka 
700 1 |a Ďurech, Richard 
710 2 |a Národohospodárska fakulta EU. Katedra bankovníctva a medzinárodných financií